SI Units Named After People - Statistics

General Stats
  • This quiz has been taken 82 times
  • The average score is 11 of 15
Answer Stats
Quantity Unit % Correct
Force Newton
95%
Temperature Kelvin
93%
Power Watt
93%
Electric Resistance Ohm
89%
Electric Potential Volt
89%
Electric Current Ampere
88%
Frequency Hertz
82%
Energy Joule
79%
Pressure Pascal
79%
Electric Charge Coulomb
68%
Capacitance Farad
61%
Magnetic Flux Density Tesla
59%
Radioactivity Becquerel
43%
Magnetic Flux Weber
36%
Conductance Siemens
34%
No matching quizzes found
Score Distribution
Percent of People with Each Score
Percentile by Number Answered
Your Score History
You have not taken this quiz